Christ, the image of the church (Record no. 138593)
[ view plain ]
| 000 -LEADER | |
|---|---|
| fixed length control field | 01593nam a2200361 a 4500 |
| 082 04 - DEWEY DECIMAL CLASSIFICATION NUMBER | |
| Classification number | 270.1 |
| 100 1# - MAIN ENTRY--AUTHOR NAME | |
| Personal name | Hanges, James Constantine, |
| 245 10 - TITLE STATEMENT | |
| Title | Christ, the image of the church |
| 260 ## - PUBLICATION, DISTRIBUTION, ETC. (IMPRINT) | |
| Place of publication | Aurora, CO : |
| Name of publisher | Davies Group Publishers, |
| Year of publication | 2006. |
| 300 ## - PHYSICAL DESCRIPTION | |
| Number of Pages | xxvi, 258 p. |
| 490 0# - SERIES STATEMENT | |
| Series statement | Contexts and consequences : new studies in religion and history |
| 505 0# - FORMATTED CONTENTS NOTE | |
| Formatted contents note | Introduction -- Abbreviations -- The folly of the cross -- The scandal of the cross -- Christ, the image of the church -- The age of the spirit -- Conclusion. |
| 650 #0 - SUBJECT ADDED ENTRY--TOPICAL TERM | |
| Topical Term | Christianity |
| Topical Term | Ecstasy. |
| Topical Term | Spirit possession. |
| Topical Term | Mysticism. |
| 856 40 - ELECTRONIC LOCATION AND ACCESS | |
| Uniform Resource Identifier | http://site.ebrary.com/lib/rucke/Doc?id=10172602 |
No items available.
